000
00325 a2200157 4500
001
49324
020
_a
8526257315
040
_c
Anchieta - Bela Vista
100
_a
Luchetti, José Roberto
240
1
0
_a
Alberto
_l
por
245
1
0
_a
Alberto
300
_a
47
362
0
_a
2005
650
4
_a
Literatura juvenil
942
_c
BK
999
_c
49324
_d
49324